Lịch sử Thủ đô Hà Nội
Giới thiệu lịch sử thủ đô Hà Nội trong thời phong kiến (từ đầu thế kỉ XI tới đầu thế kỉ XIX), giai đoạn thời thuộc Pháp (1883 - 1945); Lịch sử thủ đô Hà Nội trong thời kì Cách mạng tháng Tám và kháng chiến toàn quốc (1945 - 1954), Hà Nội giải phóngg và xây dựng kinh tế xã hội chủ nghĩa (1955 - 1960)...
Bewaard in:
| Hoofdauteur: | |
|---|---|
| Andere auteurs: | , , , |
| Formaat: | Boek |
| Taal: | Vietnamese |
| Gepubliceerd in: |
H.
Lao động
2009
|
| Editie: | In lần thứ 3 |
| Onderwerpen: | |
| Tags: |
Voeg label toe
Geen labels, Wees de eerste die dit record labelt!
|
| Thư viện lưu trữ: | Mạng thư viện Đại học Đà Nẵng |
|---|
| LEADER | 01770aam a22003978a 4500 | ||
|---|---|---|---|
| 001 | 000009894 | ||
| 003 | 6092 | ||
| 005 | 20111110161106.0 | ||
| 008 | 111103s2009 viesd | ||
| 020 | |c 145000đ |d 1500b | ||
| 041 | 0 | 0 | |a vie |
| 082 | 1 | 4 | |2 14 |a 959.7 |b Lic |
| 100 | 0 | |a Trần Huy Liệu |e Chủ biên | |
| 245 | 0 | 0 | |a Lịch sử Thủ đô Hà Nội |c Trần Huy Liệu (ch.b.), Nguyễn Lương Bích, Mai Hanh.. |
| 250 | |a In lần thứ 3 | ||
| 260 | |a H. |b Lao động |c 2009 | ||
| 300 | |a 678tr. |c 27cm | ||
| 520 | |a Giới thiệu lịch sử thủ đô Hà Nội trong thời phong kiến (từ đầu thế kỉ XI tới đầu thế kỉ XIX), giai đoạn thời thuộc Pháp (1883 - 1945); Lịch sử thủ đô Hà Nội trong thời kì Cách mạng tháng Tám và kháng chiến toàn quốc (1945 - 1954), Hà Nội giải phóngg và xây dựng kinh tế xã hội chủ nghĩa (1955 - 1960), thời kỳ Hà Nội tiến mạnh lên CNXH về các mặt chính trị, văn hoá, xã hội... | ||
| 650 | 7 | |2 Bộ TK TVQG |a Lịch sử | |
| 651 | 7 | |2 Bộ TK TVQG |a Hà Nội | |
| 700 | 1 | |a Trần Huy Liệu |e ch.b. | |
| 700 | 1 | |a Phan Gia Bền | |
| 700 | 1 | |a Nguyễn Việt | |
| 700 | 1 | |a Nguyễn Lương Bích | |
| 700 | 1 | |a Mai Hanh | |
| 910 | |a Nguyễn Thị Kim Oanh |d 3/11/2011 | ||
| OWN | |a LSP | ||
| AVA | |a UDN50 |b LSP |d 959.7 Lic |e check_holdings |t Error 5003 Not defined in file expand_doc_bib_avail. |h N |k 1 | ||
| 999 | |a From the UDN01 | ||
| AVA | |a UDN50 |b LSP |d 959.7 Lic |e available |t Error 5001 Not defined in file expand_doc_bib_avail. |f 14 |g 0 |h N |i 0 |k 1 | ||
| TYP | |a Monograph | ||
| TYP | |a Printed language | ||
| 980 | |a Mạng thư viện Đại học Đà Nẵng | ||